[Event "Titled Tuesday intern op 19th Sep Early"]
[Site "Chess.com INT"]
[Date "2023.09.19"]
[Round "8"]
[White "Lehtosaari, Mauri"]
[Black "Mitrovic, Darko R"]
[Result "0-1"]
[WhiteElo "2151"]
[BlackElo "2220"]
[PlyCount "216"]
[EventDate "2023.09.19"]
[EventType "swiss (blitz)"]
[EventRounds "11"]
[EventCountry "USA"]
[SourceTitle "EXT 2024"]
[Source "ChessBase"]
[SourceDate "2023.10.10"]
[SourceVersion "1"]
[SourceVersionDate "2023.10.10"]
[SourceQuality "1"]

1. d4 e6 2. Nf3 Nf6 3. Bg5 b6 4. Nbd2 Be7 5. e4 d5 6. e5 Nfd7 7. h4 h6 8. Be3 a5 9. g4 Ba6 10. Bxa6 Nxa6 11. c3 c5 12. a3 b5 13. Kf1 Qb6 14. Kg2 cxd4 15. cxd4 Nab8 16. Qb3 Nc6 17. Qd3 Rc8 18. h5 b4 19. axb4 Nxb4 20. Qb3 f6 21. Rhc1 0-0 22. Qa4 Nc6 23. Rc2 f5 24. gxf5 Rxf5 25. Rac1 Ndb8 26. Rc3 Bb4 27. R3c2 Qb7 28. Nf1 Rcf8 29. N3h2 Nxe5 30. dxe5 d4+ 31. Kg1 dxe3 32. Nxe3 Rxh5 33. Rc4 Rxe5 34. Rg4 Nd7 35. Qc6 Qxc6 36. Rxc6 Nf6 37. Rg3 Nh5 38. Rg4 Nf6 39. Rg6 Kh7 40. Rg3 Nh5 41. Rg4 Nf6 42. Rg3 Ne4 43. Rf3 Rg5+ 44. Kf1 Nd2+ 45. Ke2 Nxf3 46. Nxf3 Rg6 47. Rc7 Rgf6 48. Ne5 Rxf2+ 49. Kd3 R2f4 50. N3c4 Rd8+ 51. Ke3 Rxc4 52. Nxc4 Rd5 53. b3 Rf5 54. Ke4 Kg6 55. Ne5+ Kh7 56. Nc4 Rh5 57. Ne5 Rh4+ 58. Ke3 Rh3+ 59. Nf3 Kg6 60. Ke4 Kh7 61. Rb7 Rg3 62. Kf4 Rh3 63. Kg4 Rh1 64. Nd4 Rb1 65. Nxe6 Rxb3 66. Rxg7+ Kh8 67. Rb7 Rc3 68. Kf5 Rc6 69. Rb8+ Kh7 70. Rb7+ Kh8 71. Nf4 Kg8 72. Ng6 Rc5+ 73. Kf6 Rc6+ 74. Kf5 Rc5+ 75. Kf4 Rc4+ 76. Ke5 Rc5+ 77. Ke4 Rc4+ 78. Kd5 Rc5+ 79. Kd4 Rg5 80. Ne7+ Kf7 81. Nd5+ Ke6 82. Rb6+ Bd6 83. Kd3 Rxd5+ 84. Ke4 Re5+ 85. Kd4 a4 86. Ra6 a3 87. Ra8 h5 88. Re8+ Kd7 89. Rh8 Rg5 90. Rh7+ Kc6 91. Ra7 Rd5+ 92. Kc4 Rc5+ 93. Kd4 Rd5+ 94. Kc4 Re5 95. Ra6+ Kd7 96. Ra7+ Ke6 97. Kd4 Rd5+ 98. Ke4 h4 99. Rh7 Re5+ 100. Kd4 Be7 101. Rh6+ Bf6 102. Kd3 Rd5+ 103. Ke4 Ra5 104. Rh8 a2 105. Re8+ Kf7 106. Rb8 a1Q 107. Rb7+ Kg6 108. Rb3 Qa4+ 0-1

[Event "Titled Tuesday intern op 12th Sep Early"]
[Site "Chess.com INT"]
[Date "2023.09.12"]
[Round "2"]
[White "Dauner, Benedikt"]
[Black "Mitrovic, Darko R"]
[Result "0-1"]
[WhiteElo "2385"]
[BlackElo "2220"]
[PlyCount "162"]
[EventDate "2023.09.12"]
[EventType "swiss (blitz)"]
[EventRounds "11"]
[EventCountry "USA"]
[SourceTitle "EXT 2024"]
[Source "ChessBase"]
[SourceDate "2023.10.10"]
[SourceVersion "1"]
[SourceVersionDate "2023.10.10"]
[SourceQuality "1"]

1. Nf3 e6 2. c3 d5 3. d3 Nf6 4. Nbd2 c5 5. Qc2 Nc6 6. e4 Be7 7. Be2 0-0 8. 0-0 e5 9. a3 d4 10. Nc4 Qc7 11. cxd4 Nxd4 12. Nxd4 cxd4 13. a4 Be6 14. b3 Nd7 15. f4 f6 16. Bd2 Rac8 17. Rfc1 exf4 18. Rf1 Bxc4 19. Bxf4 Bd6 20. Bxd6 Qxd6 21. bxc4 Rc5 22. Rab1 b6 23. Rb5 Ne5 24. Rfb1 Rfc8 25. Qd2 Rxb5 26. axb5 h6 27. Ra1 Rc7 28. g3 Qc5 29. Kg2 Qe7 30. Qa2 Kh7 31. Qb2 Qd7 32. Qd2 Qe7 33. h3 Qc5 34. Qa2 Qe7 35. Qa3 Qxa3 36. Rxa3 Kg8 37. Bh5 Kf8 38. Be2 Ke7 39. h4 Kd6 40. Kf2 Kc5 41. Ra4 Kd6 42. Ra3 Nd7 43. Bg4 Nc5 44. Bh5 Ke7 45. Ke2 Kd8 46. Bf3 Kc8 47. Bg2 Kb8 48. Bh3 Re7 49. Ra1 Re5 50. Rf1 Kb7 51. Bf5 a6 52. bxa6+ Nxa6 53. Rf4 Ra5 54. Rg4 g5 55. hxg5 hxg5 56. Kf3 Re5 57. Bg6 Nc5 58. Ke2 Ka6 59. Bf5 Ka5 60. Kd2 Kb4 61. Kc2 Ka3 62. Bg6 Nb3 63. Bf5 Na1+ 64. Kd2 Kb2 65. Bg6 Nb3+ 66. Ke2 Kc3 67. Kf3 Nc5 68. Ke2 Nxd3 69. Bf5 Nc5 70. Kf3 Kxc4 71. Ke2 Kc3 72. Kd1 d3 73. Kc1 b5 74. Kd1 b4 75. Rf4 gxf4 76. gxf4 Rxf5 77. exf5 b3 78. Kc1 b2+ 79. Kb1 d2 80. Ka2 d1Q 81. Ka3 Qa1# 0-1

[Event "Titled Tuesday intern op 12th Sep Early"]
[Site "Chess.com INT"]
[Date "2023.09.12"]
[Round "4"]
[White "Jaskolka, Tomasz"]
[Black "Mitrovic, Darko R"]
[Result "1-0"]
[WhiteElo "2228"]
[BlackElo "2220"]
[PlyCount "113"]
[EventDate "2023.09.12"]
[EventType "swiss (blitz)"]
[EventRounds "11"]
[EventCountry "USA"]
[SourceTitle "EXT 2024"]
[Source "ChessBase"]
[SourceDate "2023.10.10"]
[SourceVersion "1"]
[SourceVersionDate "2023.10.10"]
[SourceQuality "1"]

1. d4 Nf6 2. Nc3 d5 3. Bf4 e6 4. Nb5 Na6 5. e3 c6 6. Nc3 Nb8 7. Nf3 Bd6 8. Ne5 0-0 9. Bd3 Qe7 10. Qf3 c5 11. dxc5 Bxc5 12. Qh3 Nbd7 13. Nxd7 Bxd7 14. Bg5 h6 15. Bxh6 gxh6 16. Qxh6 Bb4 17. 0-0 Bxc3 18. bxc3 e5 19. e4 Nxe4 20. f4 Qf6 21. Qh5 Qf5 22. Qh4 Qg4 23. Qh6 Qg6 24. Qh4 Qg4 25. Qe7 Rae8 26. Qb4 exf4 27. Qxb7 Be6 28. Bxe4 dxe4 29. Qxe4 Qg6 30. Qxf4 Rd8 31. Rf3 f5 32. Rg3 Kf7 33. Rxg6 Kxg6 34. Re1 Rfe8 35. h4 Kf6 36. Qg5+ Kf7 37. Qh5+ Kf6 38. Qh6+ Kf7 39. Qh7+ Kf6 40. h5 Rd7 41. Qg6+ Ke7 42. Rxe6+ Kd8 43. Qxe8+ Kc7 44. Qxd7+ Kxd7 45. Rf6 a5 46. Rxf5 a4 47. Rf3 Ke6 48. h6 Kd5 49. h7 Kc4 50. h8Q a3 51. Qh6 Kd5 52. Rg3 Ke5 53. Qh4 Kf5 54. Rg5+ Ke6 55. Qh6+ Kf7 56. Rg7+ Ke8 57. Qh8# 1-0

[Event "Titled Tuesday intern op 08th Aug Early"]
[Site "Chess.com INT"]
[Date "2023.08.08"]
[Round "8"]
[White "Mitrovic, Darko R"]
[Black "Tosic, Srecko"]
[Result "0-1"]
[WhiteElo "2220"]
[BlackElo "2309"]
[PlyCount "68"]
[EventDate "2023.08.08"]
[EventType "swiss (blitz)"]
[EventRounds "11"]
[EventCountry "USA"]
[SourceTitle "EXT 2024"]
[Source "ChessBase"]
[SourceDate "2023.10.10"]
[SourceVersion "1"]
[SourceVersionDate "2023.10.10"]
[SourceQuality "1"]

1. d4 e6 2. a3 d5 3. b3 Bd6 4. h3 f5 5. g3 Nd7 6. Bg2 Ngf6 7. e3 0-0 8. Bb2 Ne4 9. Ne2 Qf6 10. c4 c6 11. Nd2 Kh8 12. Nf3 a5 13. h4 h6 14. h5 Kh7 15. Nf4 b5 16. cxb5 cxb5 17. Rc1 a4 18. 0-0 b4 19. axb4 a3 20. Ba1 Bxb4 21. Nd3 Bd6 22. Nc5 Qf7 23. Nd2 Nexc5 24. dxc5 Nxc5 25. b4 Nd3 26. Rc3 Nxb4 27. Nb3 Ba6 28. Re1 Be5 29. Nd4 Bc4 30. Bf1 Bxf1 31. Kxf1 Rfc8 32. Qd2 Bxd4 33. Qxd4 Nc6 34. Qd2 Ne7 0-1

[Event "Titled Tuesday intern op 08th Aug Early"]
[Site "Chess.com INT"]
[Date "2023.08.08"]
[Round "5"]
[White "Rietze, Clemens"]
[Black "Mitrovic, Darko R"]
[Result "1-0"]
[WhiteElo "2329"]
[BlackElo "2220"]
[PlyCount "71"]
[EventDate "2023.08.08"]
[EventType "swiss (blitz)"]
[EventRounds "11"]
[EventCountry "USA"]
[SourceTitle "EXT 2024"]
[Source "ChessBase"]
[SourceDate "2023.10.10"]
[SourceVersion "1"]
[SourceVersionDate "2023.10.10"]
[SourceQuality "1"]

1. d4 e6 2. c4 Nf6 3. Nf3 Bb4+ 4. Bd2 Bxd2+ 5. Qxd2 d6 6. Nc3 Nc6 7. e4 0-0 8. Be2 e5 9. d5 Ne7 10. 0-0 b6 11. Ne1 Ng6 12. Nd3 h6 13. b4 a5 14. a3 Nh7 15. Rac1 axb4 16. axb4 f5 17. c5 bxc5 18. bxc5 Ng5 19. exf5 Bxf5 20. Nb4 Nf4 21. f3 Qf6 22. Kh1 Qg6 23. Rg1 Rae8 24. Nb5 Rf7 25. cxd6 cxd6 26. Rc6 Rd7 27. Bc4 Nf7 28. Na6 Qh5 29. Nac7 Rc8 30. Na6 Rcd8 31. Rc7 Qg5 32. Rxd7 Rxd7 33. Nac7 Nh3 34. Qe2 Nf4 35. Qf2 Qh5 36. Ne6 1-0

[Event "Titled Tuesday intern op 21st Feb Early"]
[Site "Chess.com INT"]
[Date "2023.02.21"]
[Round "2"]
[White "Devaev, Alexander"]
[Black "Mitrovic, Darko R"]
[Result "1-0"]
[WhiteElo "2325"]
[BlackElo "2220"]
[PlyCount "123"]
[EventDate "2023.02.21"]
[EventType "swiss (blitz)"]
[EventRounds "11"]
[EventCountry "USA"]
[SourceTitle "CBM 212 Extra"]
[Source "ChessBase"]
[SourceDate "2023.03.31"]
[SourceVersion "1"]
[SourceVersionDate "2023.03.31"]
[SourceQuality "1"]

1. d4 Nf6 2. c4 e6 3. Nf3 Bb4+ 4. Bd2 Bxd2+ 5. Qxd2 Nc6 6. Nc3 d6 7. g3 0-0 8. Bg2 e5 9. 0-0 h6 10. Nd5 e4 11. Ne1 Bf5 12. Ne3 Bg6 13. N1c2 Qd7 14. Rfd1 Rae8 15. b4 h5 16. h4 Ng4 17. Nxg4 hxg4 18. Qg5 Qf5 19. b5 Qxg5 20. hxg5 Ne7 21. Ne3 Nf5 22. Nxg4 e3 23. f4 Nxg3 24. Bf3 b6 25. Kh2 Nh5 26. a4 Nxf4 27. Ra3 Be4 28. Rxe3 Bxf3 29. exf3 Rxe3 30. Nxe3 Re8 31. Nf5 Re2+ 32. Kg3 Ne6 33. f4 Ra2 34. d5 Nc5 35. Re1 Rxa4 36. Re8+ Kh7 37. Re7 Kg8 38. Rxc7 Rxc4 39. Rxa7 Rc3+ 40. Kg2 Ne4 41. Rb7 Kh7 42. Rxb6 Kg6 43. Nxd6 Nxd6 44. Rxd6+ Kf5 45. Rd7 Kxf4 46. Rxf7+ Ke5 47. Rxg7 Kxd5 48. b6 Rb3 49. b7 Kc6 50. g6 Kd6 51. Rf7 Ke6 52. Rc7 Kf6 53. g7 Rb2+ 54. Kf3 Rb3+ 55. Ke2 Rb2+ 56. Kd3 Rb3+ 57. Kc2 Rb2+ 58. Kxb2 Kg6 59. g8Q+ Kf6 60. b8Q Ke5 61. Re7+ Kf5 62. Qe5# 1-0

[Event "Titled Tuesday intern op 21st Feb Late"]
[Site "Chess.com INT"]
[Date "2023.02.21"]
[Round "3"]
[White "Mitrovic, Darko R"]
[Black "Kovacs, Klara"]
[Result "0-1"]
[WhiteElo "2220"]
[BlackElo "2121"]
[PlyCount "87"]
[EventDate "2023.02.21"]
[EventType "swiss (blitz)"]
[EventRounds "11"]
[EventCountry "USA"]
[SourceTitle "CBM 212 Extra"]
[Source "ChessBase"]
[SourceDate "2023.03.31"]
[SourceVersion "1"]
[SourceVersionDate "2023.03.31"]
[SourceQuality "1"]

1. d4 e6 2. Nf3 Nf6 3. g3 c5 4. Bg2 Be7 5. 0-0 cxd4 6. Nxd4 d5 7. c4 0-0 8. cxd5 Nxd5 9. e4 Nb6 10. Nc3 e5 11. Ndb5 Nc6 12. Be3 Nc4 13. Bc1 Be6 14. b3 Nb6 15. Nd5 a6 16. Nbc7 Rc8 17. Nxe6 fxe6 18. Nxb6 Qxb6 19. Be3 Nd4 20. h4 Qb4 21. Qg4 Rf6 22. Rad1 Rcf8 23. h5 h6 24. Bxd4 exd4 25. e5 Rf5 26. Rxd4 Qb6 27. Rd2 Bg5 28. Re2 Kh8 29. Be4 Rxe5 30. Kg2 Qd4 31. Bf3 Qxg4 32. Bxg4 Rxe2 33. Bxe2 Rd8 34. Rd1 Rc8 35. Bd3 Kg8 36. Be4 Rc7 37. Re1 Kf7 38. Bg6+ Ke7 39. Bf5 Rc6 40. Be4 Rb6 41. Rd1 Bf6 42. Rc1 Be5 43. Kf3 Rb4 44. Rc8 0-1

[Event "Titled Tuesday intern op 31st Jan Early"]
[Site "Chess.com INT"]
[Date "2023.01.31"]
[Round "6"]
[White "Kosakowski, Jakub"]
[Black "Mitrovic, Darko R"]
[Result "1-0"]
[WhiteElo "2466"]
[BlackElo "2220"]
[PlyCount "73"]
[EventDate "2023.01.31"]
[EventType "swiss (blitz)"]
[EventRounds "11"]
[EventCountry "USA"]
[SourceTitle "CBM 212 Extra"]
[Source "ChessBase"]
[SourceDate "2023.03.31"]
[SourceVersion "1"]
[SourceVersionDate "2023.03.31"]
[SourceQuality "1"]

1. e4 e6 2. d4 d5 3. Nd2 Nf6 4. e5 Nfd7 5. Bd3 c5 6. c3 b6 7. Ne2 Ba6 8. Bxa6 Nxa6 9. 0-0 b5 10. f4 g6 11. Nf3 Be7 12. Be3 cxd4 13. cxd4 Rc8 14. Qd3 Qb6 15. a4 Nb4 16. Qxb5 Qxb5 17. axb5 Nc2 18. Rac1 0-0 19. Bd2 Nb6 20. Bc3 Ne3 21. Rfe1 h5 22. h3 h4 23. Kf2 Nf5 24. Ra1 Rc7 25. Ra6 Rb7 26. Rea1 Nc4 27. b3 Nce3 28. Rxa7 Rxb5 29. Rxe7 Nxe7 30. Kxe3 Nf5+ 31. Kd2 Rxb3 32. Nc1 Rb7 33. Nd3 Rfb8 34. Ng5 Rb1 35. Ra7 Rg1 36. Ne1 Rb1 37. Ke2 1-0

[Event "Titled Tuesday intern op 17th Jan Early"]
[Site "Chess.com INT"]
[Date "2023.01.17"]
[Round "11"]
[White "Mitrovic, Darko R"]
[Black "Soumya, Swaminathan"]
[Result "0-1"]
[WhiteElo "2220"]
[BlackElo "2322"]
[PlyCount "41"]
[EventDate "2023.01.17"]
[EventType "swiss (blitz)"]
[EventRounds "11"]
[EventCountry "USA"]
[SourceTitle "CBM 212 Extra"]
[Source "ChessBase"]
[SourceDate "2023.03.31"]
[SourceVersion "1"]
[SourceVersionDate "2023.03.31"]
[SourceQuality "1"]

1. d4 Nf6 2. Nf3 g6 3. g3 Bg7 4. Bg2 0-0 5. 0-0 d5 6. c4 dxc4 7. Qa4 Be6 8. Ng5 Bd7 9. Qxc4 c6 10. Nc3 h6 11. Nf3 Be6 12. Qd3 Na6 13. e4 b5 14. Re1 Qc8 15. Bf4 Rd8 16. Rac1 Qb7 17. a3 Rac8 18. h3 Qb6 19. Qe3 Kh7 20. Be5 Qb7 21. Rcd1 0-1

[Event "Titled Tuesday intern op 17th Jan Early"]
[Site "Chess.com INT"]
[Date "2023.01.17"]
[Round "9"]
[White "Stead, Kerry"]
[Black "Mitrovic, Darko R"]
[Result "1-0"]
[WhiteElo "1952"]
[BlackElo "2220"]
[PlyCount "57"]
[EventDate "2023.01.17"]
[EventType "swiss (blitz)"]
[EventRounds "11"]
[EventCountry "USA"]
[SourceTitle "CBM 212 Extra"]
[Source "ChessBase"]
[SourceDate "2023.03.31"]
[SourceVersion "1"]
[SourceVersionDate "2023.03.31"]
[SourceQuality "1"]

1. d4 Nf6 2. f3 d5 3. e4 dxe4 4. Nc3 exf3 5. Nxf3 c6 6. Bg5 Bf5 7. Bd3 Bxd3 8. Qxd3 Nbd7 9. 0-0-0 e6 10. Rhf1 Be7 11. Ne4 Nxe4 12. Bxe7 Qxe7 13. Qxe4 0-0 14. Rd3 Rad8 15. c3 Nf6 16. Qh4 Nd5 17. Qg3 Qf6 18. Nd2 Qg6 19. Nc4 Qxg3 20. Rxg3 f6 21. Re1 Rfe8 22. h4 h5 23. Kc2 b6 24. Ne3 Nxe3+ 25. Rgxe3 Kf7 26. Re4 Rd5 27. g4 hxg4 28. Rxg4 Rh8 29. c4 1-0

[Event "Titled Tuesday intern op 10th Jan Early"]
[Site "Chess.com INT"]
[Date "2023.01.10"]
[Round "8"]
[White "Jiganchine, Roman"]
[Black "Mitrovic, Darko R"]
[Result "1-0"]
[WhiteElo "2205"]
[BlackElo "2220"]
[PlyCount "123"]
[EventDate "2023.01.10"]
[EventType "swiss (blitz)"]
[EventRounds "11"]
[EventCountry "USA"]
[SourceTitle "EXT 2024"]
[Source "ChessBase"]
[SourceDate "2023.10.10"]
[SourceVersion "1"]
[SourceVersionDate "2023.10.10"]
[SourceQuality "1"]

1. e4 e6 2. d4 d5 3. Nd2 Nf6 4. Bd3 c5 5. c3 Nc6 6. Ngf3 cxd4 7. cxd4 dxe4 8. Nxe4 Nxe4 9. Bxe4 Be7 10. 0-0 0-0 11. Bxc6 bxc6 12. Ne5 Bb7 13. Qb3 Qb6 14. Be3 Qxb3 15. axb3 Rfc8 16. Rfc1 Kf8 17. Nd7+ Ke8 18. Nc5 Bxc5 19. Rxc5 a5 20. Rcxa5 Rxa5 21. Rxa5 Ra8 22. b4 Kd7 23. f3 Kc8 24. Bd2 Ba6 25. Bc3 Kb7 26. Kf2 Bb5 27. g4 Rd8 28. Ke3 Rd5 29. h4 h5 30. Ra1 g6 31. Rg1 Kc8 32. Kf4 Kd7 33. Re1 Ke7 34. Re5 Rxe5 35. dxe5 Be2 36. Bd4 Bd1 37. Bc5+ Kd7 38. Kg3 Ke8 39. Be3 Kd7 40. Bg5 Ke8 41. Bf6 Kd7 42. gxh5 gxh5 43. Kf4 Ke8 44. Ke3 Kd7 45. Kf2 Ke8 46. Bg5 Kd7 47. Be3 Ke8 48. Bc5 Kd7 49. f4 Bg4 50. Ke3 Ke8 51. Bd6 Kd7 52. Kd4 Be2 53. Kc5 Bb5 54. Kd4 Bf1 55. Ke4 Bb5 56. f5 Bf1 57. Kf4 Bd3 58. Kg5 Bxf5 59. Kxh5 Bg6+ 60. Kg5 Bd3 61. Kf6 Ke8 62. h5 1-0

[Event "Titled Tuesday intern op 10th Jan Early"]
[Site "Chess.com INT"]
[Date "2023.01.10"]
[Round "3"]
[White "Mitrovic, Darko R"]
[Black "Ljubarov, Mark"]
[Result "0-1"]
[WhiteElo "2220"]
[BlackElo "2291"]
[PlyCount "52"]
[EventDate "2023.01.10"]
[EventType "swiss (blitz)"]
[EventRounds "11"]
[EventCountry "USA"]
[SourceTitle "EXT 2024"]
[Source "ChessBase"]
[SourceDate "2023.10.10"]
[SourceVersion "1"]
[SourceVersionDate "2023.10.10"]
[SourceQuality "1"]

1. d4 Nf6 2. Nf3 b6 3. g3 Bb7 4. Bg2 e6 5. 0-0 c5 6. c4 d5 7. cxd5 exd5 8. Nc3 Be7 9. Bg5 0-0 10. Rc1 Nbd7 11. dxc5 bxc5 12. Na4 Qa5 13. b3 Rac8 14. Qd2 Qxd2 15. Nxd2 Bc6 16. Bxf6 Nxf6 17. Nxc5 Bb5 18. Nd3 a5 19. Rxc8 Rxc8 20. Rc1 Rxc1+ 21. Nxc1 Bb4 22. Nf3 Ne4 23. Nd4 Ba6 24. Nd3 Bc3 25. Nc2 Bf6 26. f3 Nc3 0-1

[Event "Titled Tuesday intern op 03rd Jan Early"]
[Site "Chess.com INT"]
[Date "2023.01.03"]
[Round "5"]
[White "Mitrovic, Darko R"]
[Black "Dinu, Dumitru Daniel"]
[Result "0-1"]
[WhiteElo "2220"]
[BlackElo "2203"]
[PlyCount "92"]
[EventDate "2023.01.03"]
[EventType "swiss (blitz)"]
[EventRounds "11"]
[EventCountry "USA"]
[SourceTitle "EXT 2024"]
[Source "ChessBase"]
[SourceDate "2023.10.10"]
[SourceVersion "1"]
[SourceVersionDate "2023.10.10"]
[SourceQuality "1"]

1. d4 Nf6 2. Nf3 e6 3. g3 d5 4. Bg2 Bd6 5. 0-0 0-0 6. b3 c6 7. c4 Nbd7 8. Nc3 Qe7 9. Qc2 b6 10. e4 dxe4 11. Nxe4 Nxe4 12. Qxe4 Bb7 13. Bf4 Nf6 14. Bxd6 Qxd6 15. Qe5 Rfd8 16. Qxd6 Rxd6 17. Rac1 c5 18. dxc5 bxc5 19. Rfd1 Rad8 20. Rxd6 Rxd6 21. Kf1 Kf8 22. Ke1 Ke7 23. Rd1 Rxd1+ 24. Kxd1 Ne4 25. Ke1 Kd6 26. Ng5 Nxg5 27. Bxb7 f6 28. f4 Nf7 29. Ke2 e5 30. Bd5 Nh6 31. Kf3 exf4 32. Kxf4 g5+ 33. Ke4 f5+ 34. Ke3 Ke5 35. Kf3 Ng4 36. h3 Nf6 37. Bf7 Ne4 38. Bg8 h6 39. Bd5 Nd2+ 40. Ke2 Ne4 41. Kf3 Nc3 42. Bg8 Nxa2 43. h4 gxh4 44. gxh4 Nc1 45. b4 cxb4 46. c5 Nb3 0-1

[Event "Titled Tuesday intern op 03rd Jan Late"]
[Site "Chess.com INT"]
[Date "2023.01.03"]
[Round "3"]
[White "Mitrovic, Darko R"]
[Black "Dzierzak, Radoslaw"]
[Result "0-1"]
[WhiteElo "2220"]
[BlackElo "2211"]
[PlyCount "60"]
[EventDate "2023.01.03"]
[EventType "swiss (blitz)"]
[EventRounds "11"]
[EventCountry "USA"]
[SourceTitle "EXT 2024"]
[Source "ChessBase"]
[SourceDate "2023.10.10"]
[SourceVersion "1"]
[SourceVersionDate "2023.10.10"]
[SourceQuality "1"]

1. d4 Nf6 2. Nf3 e6 3. g3 c5 4. Bg2 cxd4 5. Nxd4 d5 6. 0-0 e5 7. Nf3 Nc6 8. c4 d4 9. e3 Be7 10. exd4 exd4 11. b3 0-0 12. Bb2 d3 13. Nc3 Bf5 14. Nd5 Nxd5 15. cxd5 Qxd5 16. Nd4 Qd7 17. Nxf5 Qxf5 18. Qf3 Qxf3 19. Bxf3 Rfd8 20. Rad1 Rac8 21. Be4 d2 22. Bc3 Bb4 23. Bxc6 Bxc3 24. Bxb7 Rc7 25. Bf3 Re7 26. Kg2 g6 27. Rb1 Kg7 28. Rfd1 Re1 29. b4 Rd4 30. b5 Ra4 0-1

[Event "Titled Tuesday intern op 03rd Jan Late"]
[Site "Chess.com INT"]
[Date "2023.01.03"]
[Round "6"]
[White "Mitrovic, Darko R"]
[Black "Hoffmann, Asa"]
[Result "1-0"]
[WhiteElo "2220"]
[BlackElo "2185"]
[PlyCount "85"]
[EventDate "2023.01.03"]
[EventType "swiss (blitz)"]
[EventRounds "11"]
[EventCountry "USA"]
[SourceTitle "EXT 2024"]
[Source "ChessBase"]
[SourceDate "2023.10.10"]
[SourceVersion "1"]
[SourceVersionDate "2023.10.10"]
[SourceQuality "1"]

1. d4 Nf6 2. Nf3 d6 3. g3 c6 4. Bg2 Bf5 5. 0-0 Nbd7 6. c4 h6 7. Nc3 e5 8. d5 c5 9. Nh4 Bh7 10. e4 Be7 11. f4 exf4 12. gxf4 Nxe4 13. Bxe4 Bxh4 14. Bxh7 Rxh7 15. Qd3 Rh8 16. Be3 Bf6 17. Ne4 Qe7 18. Rae1 0-0-0 19. b4 Rhe8 20. Bf2 cxb4 21. Bxa7 Qf8 22. a3 Nc5 23. Bxc5 dxc5 24. axb4 Bd4+ 25. Kg2 f5 26. Nxc5 Bxc5 27. bxc5 Qxc5 28. Qxf5+ Kb8 29. Qd3 Rc8 30. Rxe8 Rxe8 31. Rd1 Rc8 32. d6 Qc6+ 33. Qd5 Rd8 34. Qxc6 bxc6 35. c5 Ka7 36. Rb1 Ka6 37. Rb6+ Ka5 38. Rxc6 Kb5 39. Rc7 g5 40. fxg5 hxg5 41. d7 g4 42. c6 Kb6 43. Rc8 1-0

[Event "Titled Tuesday intern op 27th Dec Late"]
[Site "Chess.com INT"]
[Date "2022.12.27"]
[Round "10"]
[White "Antonova, Nadezhda"]
[Black "Mitrovic, Darko R"]
[Result "1-0"]
[WhiteElo "1863"]
[BlackElo "2220"]
[PlyCount "45"]
[EventDate "2022.12.27"]
[EventType "swiss (blitz)"]
[EventRounds "11"]
[EventCountry "USA"]
[SourceTitle "EXT 2024"]
[Source "ChessBase"]
[SourceDate "2023.10.10"]
[SourceVersion "1"]
[SourceVersionDate "2023.10.10"]
[SourceQuality "1"]

1. d4 Nf6 2. c4 e6 3. g3 Bb4+ 4. Bd2 Bxd2+ 5. Qxd2 d6 6. Bg2 0-0 7. Nc3 Nc6 8. Nf3 Kh8 9. 0-0 Ne5 10. dxe5 Ne4 11. Nxe4 Qh4 12. Nxh4 d5 13. cxd5 f6 14. exf6 Re8 15. fxg7+ Kg8 16. Nf6+ Kf7 17. Nxe8 Bd7 18. Qf4+ Ke7 19. Qf8+ Kd8 20. g8Q c6 21. Qd6 Rb8 22. Qg5+ Kc8 23. Qc7# 1-0